000 00775nam a22002177a 4500
999 _c61828
_d61828
005 20240522114804.0
008 240522s2006 enk||||| |||| 00| 0 eng d
020 _a9780911910186x
041 _aeng
080 _a616.88 The-44
245 _aThe Merck Manual of Diagnosis and Therapy /
_cEditor by Mark H. Beers, Robert S. Porter, Thomas V. Jones.
250 _a18th Edition
264 _aNew Jersey :
_bMerck,
_c2006.
300 _a2991 p.:
_bill.;
_c21 cm.
653 _aდიაგნოსტიკა
653 _aმედიცინა
700 _aBeers, Mark H.
_eრედაქტორი
_922142
700 _aPorter, Robert S.
_eრედაქტორი
_922143
700 _aJones, Thomas V.
_eრედაქტორი
_922144
942 _2udc
_cBK